Online
Catalog

Historia eclesiática indiana / (Record no. 14930)

MARC details
000 -CABECERA
campo de control de longitud fija 01289cam a2200325 a 4500
001 - NÚMERO DE CONTROL
campo de control 000015365
005 - FECHA Y HORA DE LA ÚLTIMA TRANSACCIÓN
campo de control 20251202111711.0
008 - DATOS DE LONGITUD FIJA--INFORMACIÓN GENERAL
campo de control de longitud fija 830808s1997 sp a 000 0 spa d
020 ## - NÚMERO INTERNACIONAL ESTÁNDAR DEL LIBRO
Número Internacional Estándar del Libro 9682999146
035 ## - NÚMERO DE CONTROL DEL SISTEMA
Número de control de sistema (DLC) 74158117
040 ## - FUENTE DE LA CATALOGACIÓN
Centro catalogador/agencia de origen DO-SdBNP
Lengua de catalogación spa
Centro/agencia transcriptor BNPHU
Centro/agencia modificador DLC
082 ## - NÚMERO DE LA CLASIFICACIÓN DECIMAL DEWEY
Número de clasificación 223.8
Número de documento/Ítem M538h
049 ## - FONDOS LOCALES (OCLC)
Fondos de biblioteca BNGR
100 1# - ENTRADA PRINCIPAL--NOMBRE DE PERSONA
Nombre de persona Mendieta, Gerónimo de,
Fechas asociadas al nombre 1525-1604.
Títulos y otros términos asociados al nombre Fray
9 (RLIN) 34728
245 10 - MENCIÓN DE TÍTULO
Título Historia eclesiática indiana /
Mención de responsabilidad, etc. Fray Gerónimo de Mendieta ; noticias del autor y de la obra Joaquín García Icazbalceta ; estudio preliminar Antonio Rubial García.
260 ## - PUBLICACIÓN, DISTRIBUCIÓN, ETC.
Lugar de publicación, distribución, etc. México :
Nombre del editor, distribuidor, etc. Cien de México ;
-- Consejo Nacional para la Cultura,
Fecha de publicación, distribución, etc. 1997.
300 ## - DESCRIPCIÓN FÍSICA
Extensión v. :
Otras características físicas il. ;
Dimensiones 21 cm.
500 ## - NOTA GENERAL
Nota general La biblioteca posee el volumen 2.
650 #4 - PUNTO DE ACCESO ADICIONAL DE MATERIA--TÉRMINO DE MATERIA
Término de materia o nombre geográfico como elemento de entrada Historia eclesiástica
9 (RLIN) 34729
600 14 - PUNTO DE ACCESO ADICIONAL DE MATERIA--NOMBRE DE PERSONA
Nombre de persona TORQUEMADA, JUAN DE,
Fechas asociadas al nombre 1557-1624
9 (RLIN) 34730
650 #4 - PUNTO DE ACCESO ADICIONAL DE MATERIA--TÉRMINO DE MATERIA
Término de materia o nombre geográfico como elemento de entrada Iglesia católica
Subdivisión general Historia
Subdivisión geográfica América Latina
9 (RLIN) 34731
650 #4 - PUNTO DE ACCESO ADICIONAL DE MATERIA--TÉRMINO DE MATERIA
Término de materia o nombre geográfico como elemento de entrada Misiones indigenas
9 (RLIN) 34732
650 #4 - PUNTO DE ACCESO ADICIONAL DE MATERIA--TÉRMINO DE MATERIA
Término de materia o nombre geográfico como elemento de entrada Indígenas de méxico
Subdivisión general Misiones
9 (RLIN) 34733
650 #4 - PUNTO DE ACCESO ADICIONAL DE MATERIA--TÉRMINO DE MATERIA
Término de materia o nombre geográfico como elemento de entrada Indígenas de méxico
Subdivisión general Religión y mitología
9 (RLIN) 34734
650 #0 - PUNTO DE ACCESO ADICIONAL DE MATERIA--TÉRMINO DE MATERIA
Término de materia o nombre geográfico como elemento de entrada Indios de las Antillas
9 (RLIN) 1049
650 #4 - PUNTO DE ACCESO ADICIONAL DE MATERIA--TÉRMINO DE MATERIA
Término de materia o nombre geográfico como elemento de entrada Evangelización
9 (RLIN) 476
700 1# - PUNTO DE ACCESO ADICIONAL--NOMBRE DE PERSONA
Nombre de persona García Icazbalceta, Joaquín.
9 (RLIN) 34735
700 1# - PUNTO DE ACCESO ADICIONAL--NOMBRE DE PERSONA
Nombre de persona Rubial García, Antonio.
9 (RLIN) 22684
910 ## - DATOS DE OPCIÓN DEL USUARIO (OCLC)
Datos de opción del usuario Catalogación derivada
Holdings
Estado de retiro Estado de pérdida Restricciones de uso No para préstamo Código de colección Localización permanente Ubicación/localización actual Ubicación en estantería Fecha de adquisición Número de inventario Total de préstamos Signatura topográfica completa Código de barras Fecha visto por última vez Precio válido a partir de Tipo de ítem Koha
    Préstamo interno   Monografías: Libros y Folletos General General En catalogación 05.02.2010 LF1   223.8 M538h 15365-20 25.06.2020 25.06.2020 Préstamo interno

Powered by Koha